000 00995nam a22001697a 4500
003 CEME
005 20210628201648.0
008 210212b xxu||||| |||| 00| 0 eng d
020 _a0-8151-5955-2
040 _c.
082 _a796.0194 MOO
100 _aMood, Dale Musker, Frank.F Rink, Judith.E
_956236
245 _aSoprts and recreational activities
260 _aBOSTON
_bMCGRAW HILL
_c1995
650 _aSPORTS GROUP GAMES PHYSICAL EDUCATION AND TRAINING STUDY AND TEACHING AEROBIC DANCE ARCHERY BACKPACKING BADMINTON BASKETBALL BICYCLING BOWLING DANCE:CONCERT AND RECREATIONAL FENCING HOCKEY GOLF GYMANSTICS AND TUMBLING JOGGING KARATE KAYAKING AND CANOEING MOUNTAINEERING ORIENTEERING MOUNTAINING TENNIS PHYSICAL FITNESS HANDBALL PADDLEBALL RACQUETBALL RUGBY SELF DEFENCE SKING SKIN AND SCUBA DIVING SOCCER SOFTBALL SPEEDBALL SPRINGBOARD DIVING SWIMMING TABLE TENNIS TENNIS FOOTBALL VOLLEYBALL WATER POLLO WEIGHT TRAINING WERSTLING INDOOR GAMES OUTDOOR GAMES
_956237
942 _cBK
_2ddc
999 _c566718
_d566718